000 00649cam a22002413a 4500
001 908
003 PGUSA
005 20140828082954.0
008 060322s2006||||xxu|||||s|||||000 e eng d
040 _aPGUSA
_beng
042 _adc
050 4 _aHQ
100 1 _aShaw, Bernard,
_d1856-1950
245 1 0 _aTreatise on Parents and Children
_h[electronic resource] /
_cBernard Shaw
260 _bProject Gutenberg,
_c2006
506 _aPublic domain in the USA.
516 _aElectronic text
653 _aEssays
653 _aParent and child
830 0 _aProject Gutenberg
_v908
856 4 0 _uhttp://www.gutenberg.org/ebooks/908
942 _cEB
999 _c230259
_d230259